| 000 | 00363nam a2200121Ia 4500 | ||
|---|---|---|---|
| 008 | 231129s9999||||xx |||||||||||||| ||spa|| | ||
| 020 | _a84-481-0812-4 | ||
| 082 | _a005.43 P484l | ||
| 100 | _aPetersen Richard | ||
| 245 | 0 | _aLinux: manual de referencia | |
| 264 | _aMadrid EspaƱa : Osborne : McGraw-Hill | ||
| 942 |
_2ddc _cBKS |
||
| 999 |
_c19317 _d19317 |
||